00000000nam##2200000za#4500
0019.531677
003CaOODSP
00520200327071953
007ta
008150406|1999||||xxc|||||     f|0| 0 fre|d
020 |a0-660-60838-3
040 |aCaOODSP|bfre
041 |aeng
041 |afre
043 |an-cn---
0861 |aBT31-2/2000-III-65
1101 |aCanada. |bConseil du trésor.
24510|aCondition féminine Canada
260 |aOttawa - Ontario : |bSecrétariat du Conseil du Trésor du Canada |c1999.
300 |aTexte français, 41p. : |borganigramme, tableaux ; |c28 cm.
4901 |aBudget des dépenses 1999-2000, partie III: Rapport sur les plans et les priorités
546 |aBilingue
563 |aCouverture souple
590 |a99-13|b1999-04-01
69107|aPrévisions budgétaires|2gcpds
7760#|tStatus of Women Canada, 1999-2000 estimates, a report on plans and priorities, approved |w(CaOODSP)9.567802
7760#|tCondition féminine Canada, budget des dépenses 1999-2000, un rapport sur les plans et priorités, accordé |w(CaOODSP)9.599126
791 |tStatus of Women Canada |eeng|w(CaOODSP)9.531676
830#0|aBudget des dépenses 1999-2000, partie III: Rapport sur les plans et les priorités.|w(CaOODSP)9.508963